Essential Mathematics for Economic Analysis
Salvato in:
| Autore principale: | |
|---|---|
| Altri autori: | , , |
| Natura: | Libro |
| Lingua: | inglese |
| Pubblicazione: |
Harlow
PEARSON
2016
|
| Edizione: | 5th Edition |
| Soggetti: | |
| Tags: |
Nessun Tag, puoi essere il primo ad aggiungerne!!
|
MARC
| LEADER | 00000nam a2200000 4500 | ||
|---|---|---|---|
| 001 | 0264250 | ||
| 005 | 20240226124549.0 | ||
| 020 | |a 978-1-292-07461-0 | ||
| 020 | |a 978-1-292-07465-8 | ||
| 020 | |a 978-1-29-207470-2 | ||
| 041 | 0 | |a eng | |
| 044 | |a GB | ||
| 245 | 1 | 0 | |a Essential Mathematics for Economic Analysis |c Knut Sydsaeter,Peter Hammond, Arne Strøm and Andrés Carvajal |
| 250 | |a 5th Edition | ||
| 264 | 1 | |a Harlow |b PEARSON |c 2016 | |
| 300 | |a 807 s. | ||
| 610 | 2 | 0 | |a matematika |
| 610 | 2 | 0 | |a analýza ekonomická |
| 610 | 2 | 0 | |a matematika hospodárska |
| 610 | 2 | 0 | |a matematika finančná |
| 610 | 2 | 0 | |a optimalizácia |
| 610 | 2 | 0 | |a programovanie lineárne |
| 100 | 1 | |a Sydsaeter, Knut | |
| 700 | 1 | |a Hammond, Peter | |
| 700 | 1 | |a Strøm, Arne | |
| 700 | 1 | |a Carvajal, Andrés | |